Psicología de los constructos personales: textos escogidos

Guardat en:
Dades bibliogràfiques
Autor principal: Kelly, George A (Autor)
Format: Llibre
Idioma:espanyol
Publicat: Barcelona Paidós 2001
Col·lecció:Psicología, Psiquiatría, Psicoterapia, 205
Matèries:
Etiquetes: Afegir etiqueta
Sense etiquetes, Sigues el primer a etiquetar aquest registre!

MARC

LEADER 00000nam a2200000 a 4500
001 UCM9682
003 CL-VaPUC
008 030509e20010000SP |||||||||||||||||spa|d
082 0 4 |a 155.2  |b KEL  |2 21 
100 |a Kelly, George A  |e author  |9 476217 
245 1 0 |a Psicología de los constructos personales: textos escogidos 
300 |a 283 p 
942 |c BK 
945 |d 20030509 00:00:00  |a cmena 
260 |a Barcelona  |b Paidós  |c 2001 
650 0 |a Psicología individual  |9 309049 
650 7 |a PSICOTERAPIA  |2 CL-VaPUC  |9 476218 
650 0 |a Conducta humana   |9 269906 
650 0 |a Naturaleza humana   |9 308593 
650 0 |a Individualismo  |9 313336 
583 |a last modification  |c 20160307 12:58:16  |k Rodrigo Vera 
490 0 |a Psicología, Psiquiatría, Psicoterapia, 205 
999 |c 303826  |d 303824 
952 |0 0  |1 0  |4 0  |6 155_200000000000000_KEL_2001  |7 0  |8 A  |9 365394  |a BIBEDU  |b BIBEDU  |d 2019-11-21  |i 3902129  |l 1  |o 155.2 KEL 2001  |p 3902129  |r 2023-07-07  |s 2023-07-07  |w 2019-11-21  |y BK  |k PSI